Wave gears with intermediate bodies (state, results and problems); Bulletin of the Tomsk Polytechnic University; Vol. 311, № 2

Dades bibliogràfiques
Parent link:Bulletin of the Tomsk Polytechnic University/ Tomsk Polytechnic University (TPU).— , 2006-2007
Vol. 311, № 2.— 2007.— [P. 14-17]
Autor principal: Yangulov V. S.
Sumari:Заглавие с титульного листа
Электронная версия печатной публикации
The results of practical application of wave gears with intermediate bodies have been shown. The reasons which interfere with their introduction in a batch production were analyzed. Priorities on these reasons elimination were set. The main directions of their solving were defined
Idioma:anglès
Publicat: 2007
Col·lecció:Mathematics and mechanics.Physics
Matèries:
Accés en línia:http://www.lib.tpu.ru/fulltext/v/Bulletin_TPU/2007/v311eng/i2/04.pdf
Format: Electrònic Capítol de llibre
KOHA link:https://koha.lib.tpu.ru/cgi-bin/koha/opac-detail.pl?biblionumber=182554

MARC

LEADER 00000nla2a2200000 4500
001 182554
005 20231031171330.0
035 |a (RuTPU)RU\TPU\book\197898 
035 |a RU\TPU\book\197897 
090 |a 182554 
100 |a 20100622d2007 k y0rusy50 ca 
101 1 |a eng  |c rus 
102 |a RU 
135 |a drnn ---uucaa 
200 1 |a Wave gears with intermediate bodies (state, results and problems)  |b Electronic resource  |f V. S. Yangulov 
203 |a Text  |c electronic 
215 |a 1 файл (4.4 Мб) 
225 1 |a Mathematics and mechanics.Physics 
230 |a Электронные текстовые данные (1 файл : 4.4 Мб) 
300 |a Заглавие с титульного листа 
300 |a Электронная версия печатной публикации 
320 |a [Bibliography: p. 17 (16 titles)] 
330 |a The results of practical application of wave gears with intermediate bodies have been shown. The reasons which interfere with their introduction in a batch production were analyzed. Priorities on these reasons elimination were set. The main directions of their solving were defined 
337 |a Adobe Reader 
461 1 |0 (RuTPU)RU\TPU\book\169973  |t Bulletin of the Tomsk Polytechnic University  |f Tomsk Polytechnic University (TPU)  |d 2006-2007 
463 1 |0 (RuTPU)RU\TPU\book\197892  |x 1684-8519  |t Vol. 311, № 2  |v [P. 14-17]  |d 2007  |p 153 p. 
610 1 |a wave gears 
610 1 |a intermediate bodies 
610 1 |a batch production 
610 1 |a труды учёных ТПУ 
610 1 |a электронный ресурс 
675 |a 621.833  |v 3 
700 1 |a Yangulov  |b V. S. 
801 1 |a RU  |b 63413507  |c 20090623  |g PSBO 
801 2 |a RU  |b 63413507  |c 20110331  |g PSBO 
856 4 |u http://www.lib.tpu.ru/fulltext/v/Bulletin_TPU/2007/v311eng/i2/04.pdf 
942 |c CF